00395 2200157 4500001002100000005001500021035002000036245004800056100001500104300002800119260003400147082000800181084001400189020002200203990001200225INLIS00000000000187120250515022805 a0010-05250001631 aAda Allah Di Setiap Masalahmu /cAyum Daigo0 aAyum Daigo a162 hlm ;c14,5 x 18 cm aDepok :bMagenta Media,c2020 a200 a200 AYU a a978-602-6744-31-9 a0754809